000 01020cam a2200265 4500
001 L158257
008 040504n2014 000 0 eng u
020 _a9781848063976
035 _a(Sirsi) u158257
041 _aeng
100 _aBregulla, Julie
245 _aNatural Fibre Reinforced Polymers (NFRPs) in the construction industry
260 _aWatford
_bBRE
_c2014
300 _a8p.
_c30cm.
490 _aBRE Information Paper
_v14/14
520 _aReviews the potential for natural products in construction materials, specifically fibre reinforced composites including various natural fibres, such as hemp and flax. It discusses their specific benefits and the factors that are infuential to their wider utilisation.
521 _aAdvanced
650 _aNATURAL FIBRE REINFORCED POLYMERS
650 _aGLASS FIBRE REINFORCED POLYMERS
650 2 4 _aBIO-RESINS
651 4 _aENGLAND AND WALES
690 _aBuilding materials and defects
710 _aBuilding Research Establishment
942 _n0
999 _c115224
_d115224